Ciberespacio y ocio en las generaciones que llegaron tarde /
El siguiente artículo tiene como objetivo abordar el ámbito del ocio en los mayores de 44 años, con base en formas de uso sustentadas por tecnologías de la información y comunicación (TIC). Se analizan precisamente las prácticas y usos sociales del ocio, así como los significados que giran en torno...
Gorde:
| Egile nagusia: | |
|---|---|
| Formatua: | Texto |
| Gaiak: | |
| Etiketak: |
Etiketa erantsi
Etiketarik gabe, Izan zaitez lehena erregistro honi etiketa jartzen!
|
MARC
| LEADER | 00000 a a2200000 04500 | ||
|---|---|---|---|
| 001 | 46303 | ||
| 003 | |||
| 040 | |||
| 100 | |a Querol, Vicent A. | ||
| 245 | |a Ciberespacio y ocio en las generaciones que llegaron tarde / |c Vicent A. Querol | ||
| 520 | |a El siguiente artículo tiene como objetivo abordar el ámbito del ocio en los mayores de 44 años, con base en formas de uso sustentadas por tecnologías de la información y comunicación (TIC). Se analizan precisamente las prácticas y usos sociales del ocio, así como los significados que giran en torno a estas prácticas. Entre los resultados de la investigación se destaca la emoción como nodo central de las actividades agradables se vincularía más con actividades relacionales que propiamente ociosas; cuanto más tardía su socialización en el ciberespacio, más diversidad de adaptaciones se observa, y sus usos rompen el prejuicio pasivo en relación a estas generaciones. | ||
| 590 | |a RRH/JULIO2014 | ||
| 650 | |a 1.TECNOLOGIA DE LA INFORMACION | ||
| 650 | |a 2.EDAD ADULTA | ||
| 650 | |a 3.OCIO | ||
| 650 | |a 4.DISTRIBUCION DEL TIEMPO | ||
| 650 | |a 5.FAMILIA | ||
| 773 | |g volumen20, número63 ( , 2013), páginas 153-176 : tabla, gráfico | ||
| 999 | |c 34495 |d 34495 | ||
